| 000 | 01668nas a2200481 a 4500 | ||
|---|---|---|---|
| 001 | 116123 | ||
| 003 | FlNmELB | ||
| 005 | 20241217174750.0 | ||
| 006 | m o d | | ||
| 007 | cr cn||||||||| | ||
| 008 | 200709r20032007ve |||||s|||||||||||spa d | ||
| 022 | _z11375739 | ||
| 035 | _a(OCoLC)928701731 | ||
| 040 |
_aFlNmELB _bspa _cFlNmELB |
||
| 050 | 4 |
_aPN4930 _bC822 2003eb |
|
| 080 | _a070(7/8) | ||
| 110 | 1 | _aCorporación Andina de Fomento. | |
| 245 | 1 | 0 |
_aEtica, calidad y empresa periodística en América Latina _h[recurso electronico] _cCorporación Andina de Fomento. |
| 260 |
_a[Caracas] : _bCorporación Andina de Fomento, _c2003. |
||
| 300 | _a3-83 p. | ||
| 500 | _aMemorias del seminario realizado en Monterrey, Nuevo León, México. | ||
| 533 | _aRecurso electrónico. Santa Fe, Arg.: e-libro, 2015. Disponible vía World Wide Web. El acceso puede estar limitado para las bibliotecas afiliadas a e-libro. | ||
| 650 | 4 | _aMedios de comunicación. | |
| 650 | 4 | _aMedios de comunicación de masas. | |
| 650 | 4 | _aComunicación. | |
| 650 | 4 | _aComunicación de masas. | |
| 650 | 4 | _aAmérica Latina. | |
| 650 | 4 | _aEmpresas. | |
| 650 | 4 | _aMercados. | |
| 650 | 4 | _aPeriodismo. | |
| 650 | 0 |
_aJournalism _zLatin America. |
|
| 650 | 0 | _aJournalists. | |
| 650 | 0 | _aJournalism. | |
| 650 | 0 | _aMass media. | |
| 650 | 0 |
_aJournalism _zLatin America _xSocieties, etc _vDirectories. |
|
| 650 | 0 | _aCommunication. | |
| 650 | 0 | _aBusiness. | |
| 651 | 0 | _aLatin America. | |
| 653 | _aEmpresa periodística | ||
| 655 | 4 | _aRevistas electrónicas. | |
| 710 | 2 | _ae-libro, Corp. | |
| 856 | 4 | 0 | _uhttps://elibro.net/ereader/politecnicointernacional/15911 |
| 999 |
_c116123 _d116123 |
||